00836nam a22002297a 450000500170000001000150001702000270003203500140005903700320007308200130010510000270011824500730014525000060021826000310022427000570025530000250031270000330033770000390037094200240040999900190043395201540045220250218105559.0 aENG-143829 a9789364445085c1150.00 aEN-127361 bDelivery Books Act Division 28a302.3 aLewicki, Roy J.977703 aNegotiation/cby Roy J. Lewicki; Bruce Barry [and] David M. Saunders a8 aChennaibMcGraw Hillc2025 a5/90 A, Butt Road, St. Thomas MountbChennaie600016 axvii,685p.c24cm(pb) aBarry, Bruce eAuthor977704 aSaunders, David M. eAuthor977705 2ddccENh302.3mLEW c209145d209145 001040708NFICaLbLd2025-02-18eDelivery of Books Act Divisiong1150.00l0o302.3 LEWpEN-127361r2025-02-18 00:00:00t1v1150.00w2025-02-18yEN